000 00355nam a2200121Ia 4500
008 220120s9999||||xx |||||||||||||| ||und||
020 _a9780070530447
100 _aProakis, John, G
_91128
245 0 _aDigital signal procesing
260 _aPearson education of asia
_bNew Delhi
_c2006
300 _axiv;658
_b450
650 _aELECTRONICS AND COMMUNICATIONS
999 _c132517
_d132517